| Tag |
First Indicator |
Second Indicator |
Subfields |
| LEADER |
00000cam a2200000Ia 4500 |
| 001 |
in00002769749 |
| 005 |
20151202171450.0 |
| 008 |
971003s1951 gw abf b 001 0 ger d |
| 035 |
|
|
|a (OCoLC)ocm37729534
|
| 040 |
|
|
|a AVA
|c AVA
|d TXA
|d UtOrBLW
|
| 043 |
|
|
|a e-gx---
|
| 049 |
|
|
|a TXAM
|
| 090 |
|
|
|a DD901.B2
|b L45 1951
|
| 100 |
1 |
|
|a Leitherer, Hans.
|
| 245 |
1 |
0 |
|a Bamberg :
|b Führer durch seine Kunst /
|c Hans Leitherer.
|
| 250 |
|
|
|a [3. Aufl.].
|
| 264 |
|
1 |
|a Bamberg :
|b Bayerische Verlagsanstalt,
|c 1951.
|
| 300 |
|
|
|a 144 pages, 6 unnumbered pages, 16 unnumbered pages of plates :
|b illustrations, color map ;
|c 19 cm.
|
| 336 |
|
|
|a text
|b txt
|2 rdacontent
|
| 337 |
|
|
|a unmediated
|b n
|2 rdamedia
|
| 338 |
|
|
|a volume
|b nc
|2 rdacarrier
|
| 500 |
|
|
|a Edition statement from "Vorwort" (page 3).
|
| 500 |
|
|
|a 1st edition published in 1925 in Lichtenfels by H.O. Schulze under the title: Bamberg : kleiner Führer durch seine Kunst.
|
| 500 |
|
|
|a Map on folded leaf attached to inside back cover.
|
| 504 |
|
|
|a Includes bibliographical references and indexes.
|
| 651 |
|
0 |
|a Bamberg (Germany)
|v Guidebooks.
|
| 651 |
|
0 |
|a Bamberg (Germany)
|x Buildings, structures, etc.
|v Guidebooks.
|
| 948 |
|
|
|a cataloged
|b h
|c 2012/6/19
|d c
|e jmarner
|f 5:39:05 pm
|
| 994 |
|
|
|a C0
|b TXA
|
| 999 |
|
|
|a MARS
|
| 999 |
f |
f |
|s 67eafcd2-0644-318d-b61a-b2b141bbf021
|i ff6c95fc-aa19-3de7-a7f7-268af39fbb85
|t 0
|
| 952 |
f |
f |
|p ric
|a Texas A&M University
|b Rellis Campus
|c Joint Library Facility
|d Remote Storage
|t 0
|e DD901.B2 L45 1951
|h Library of Congress classification
|i unmediated -- volume
|m A14841321569
|
| 998 |
f |
f |
|a DD901.B2 L45 1951
|t 0
|l Remote Storage
|